00379 2200157 4500245003800000020002200038250001100060100002400071650002000095005001900115260003300134041001400167084000800181300002300189336000900212 aNapolicRiskaninda MaharanihText a978-602-255-893-4 aCet. 1 aRiskaninda Maharani aNovel Indonesia a20230118132203 aYogyakartabDIVA Pressc2015 aIndonesia a813 a268 hlm. :c20 cm. atext